000 00759cam a22002413a 4500
001 16246
003 PGUSA
005 20140828083339.0
008 050708s2005||||xxu|||||s|||||000 | eng d
040 _aPGUSA
_beng
042 _adc
050 4 _aPA
100 1 _aErasmus, Desiderius,
_d1469-1536
245 1 2 _aA Very Pleasaunt and Fruitful Diologe Called the Epicure
_h[electronic resource] /
_cDesiderius Erasmus
260 _bProject Gutenberg,
_c2005
506 _aPublic domain in the USA.
516 _aElectronic text
653 _aDialogues, Latin (Medieval and modern) -- Translations into English
653 _aImaginary conversations
830 0 _aProject Gutenberg
_v16246
856 4 0 _uhttp://www.gutenberg.org/ebooks/16246
942 _cEB
999 _c245501
_d245501